Loading...
| History - European History | 0 | 4 | 0 | 1 | 40 | 37 | 102.50 | 1 | 1 |
| Science - Biology | 0 | 3 | 0 | 1 | 30 | 91 | 108.00 | 0 | 0 |
| Religion | 0 | 3 | 0 | 1 | 30 | 114 | 125.33 | 0 | 0 |
| History - Other History | 0 | 3 | 0 | 0 | 30 | 104 | 118.67 | 0 | 0 |
| Geography | 0 | 3 | 1 | 2 | 25 | 79 | 122.00 | 1 | 1 |
| Fine Arts - Painting & Sculpture | 0 | 3 | 1 | 0 | 25 | 122 | 123.00 | 0 | 0 |
| Social Science | 0 | 1 | 0 | 1 | 10 | 134 | 134.00 | 0 | 0 |
| History - American History | 0 | 1 | 0 | 1 | 10 | 140 | 140.00 | 0 | 0 |
| History - World History | 0 | 1 | 0 | 1 | 10 | 143 | 143.00 | 0 | 0 |
| Current Events | 0 | 1 | 0 | 0 | 10 | 89 | 89.00 | 0 | 1 |
| Science - Other Science | 0 | 1 | 1 | 0 | 5 | 137 | 137.00 | 0 | 0 |
| Mythology | 0 | 0 | 1 | 0 | -5 | 0.00 | 0 | 0 | |
| Other Academic | 0 | 0 | 1 | 0 | -5 | 0.00 | 0 | 0 |